书目信息 |
| 题名: |
性格与命运
|
|
| 作者: | 杨惠滨 , 张钧 著 | |
| 分册: | ||
| 出版信息: | 长春 时代文艺出版社 2000 |
|
| 页数: | 27,508页 | |
| 开本: | 20cm | |
| 丛书名: | ||
| 单 册: | ||
| 中图分类: | B848.6 , B848.4 | |
| 科图分类: | ||
| 主题词: | 性格--通俗读物 , 性格 , 个性心理学 , 人格心理学 | |
| 电子资源: | ||
| ISBN: | 7-5387-1496-0 | |
| 000 | 00971nam0 2200301 450 | |
| 001 | 1237081437 | |
| 005 | 20120929102014.98 | |
| 010 | @a7-5387-1496-0@dCNY26.00 | |
| 100 | @a20010510d2000 em y0chiy0110 ea | |
| 101 | 0 | @achi |
| 102 | @aCN@b220000 | |
| 105 | @aa z 000yy | |
| 106 | @ar | |
| 200 | 1 | @a性格与命运@Axing ge yu ming yun@e十九种性格特征及其命运@f张钧,杨惠滨著 |
| 210 | @a长春@c时代文艺出版社@d2000 | |
| 215 | @a27,508页@c图@d20cm | |
| 330 | @a本书分析了19种性格特征及其命运,包括:理想性格及其命运、叛逆性格及其命运、懦弱性格及其命运、坚韧性格及其命运等。 | |
| 517 | 1 | @a十九种性格特征及其命运@Ashi jiu zhong xing ge te zheng ji qi ming yun |
| 606 | 0 | @a性格@j通俗读物 |
| 606 | 0 | @a性格 |
| 606 | 0 | @a个性心理学 |
| 606 | 0 | @a人格心理学 |
| 690 | @aB848.6@v4 | |
| 690 | @aB848.4@v4 | |
| 701 | 0 | @a杨惠滨@Ayang hui bin@4著 |
| 701 | 0 | @a张钧@Azhang jun@4著 |
| 801 | 0 | @aCN@bNLC@c20010517 |
| 905 | @a10447@dB848.4@eJY122 | |
| 性格与命运:十九种性格特征及其命运/张钧,杨惠滨著 .-长春:时代文艺出版社,2000 |
| 27,508页:图;20cm |
| ISBN 7-5387-1496-0:CNY26.00 |
| 本书分析了19种性格特征及其命运,包括:理想性格及其命运、叛逆性格及其命运、懦弱性格及其命运、坚韧性格及其命运等。 |
| ● |
| 相关链接 |
|
|
|
|
正题名:性格与命运
索取号:B848.4/JY122
 
预约/预借
| 序号 | 登录号 | 条形码 | 馆藏地/架位号 | 状态 | 备注 |
| 1 | 7830361 | 278303612 | 学院路分馆/ [索取号:B848.4/JY122] | 在馆 | |
| 2 | 7830362 | 278303621 | 学院路分馆/ [索取号:B848.4/JY122] | 在馆 | |
| 3 | 7830363 | 278303630 | 学院路分馆/ [索取号:B848.4/JY122] | 在馆 | |
| 4 | 7830364 | 278303649 | 学院路分馆/ [索取号:B848.4/JY122] | 在馆 |